West Bromwich Albion Premier League XIs - Statistics

General Stats
  • This quiz has been taken 240 times
  • The average score is 48 of 143
Answer Stats
Position Answer % Correct
GK Ben Foster
79%
MF Chris Brunt
69%
GK Sam Johnstone
59%
MF James Morrison
56%
MF Matheus Pereira
52%
DF Craig Dawson
51%
DF Jonas Olsson
51%
ST Callum Robinson
48%
DF Gareth McAuley
48%
DF Jonny Evans
48%
DF Paul Robinson
48%
MF Matt Phillips
45%
ST Saido Berahino
45%
ST Peter Odemwingie
43%
ST Salomón Rondón
43%
DF Kyle Bartley
38%
DF Billy Jones
36%
MF Youssouf Mulumbu
36%
MF Youssuf Mulumbu
36%
GK Boaz Myhill
35%
MF Darren Fletcher
34%
DF Semi Ajayi
34%
MF Claudio Yacob
33%
MF Jake Livermore
33%
MF Zoltán Gera
33%
MF Conor Townsend
32%
DF Kieran Gibbs
32%
ST Shane Long
32%
DF Darnell Furlong
31%
MF Andy Johnson
29%
MF Gareth Barry
29%
ST Stéphane Sessègnon
28%
DF Dara O'Shea
26%
DF Darren Moore
26%
ST Nwankwo Kanu
26%
ST Jay Rodriguez
24%
GK Scott Carson
24%
MF Jonathan Greening
23%
DF Ahmed Hegazi
22%
MF Craig Gardner
22%
MF Graeme Dorrans
22%
MF Conor Gallagher
21%
MF James McClean
21%
DF Liam Ridgewell
21%
DF Allan Nyom
20%
DF Curtis Davies
19%
ST Jason Roberts
19%
ST Kevin Campbell
16%
GK Russell Hoult
16%
DF Steven Reid
16%
MF Jason Koumas
15%
MF Nacer Chadli
15%
MF Romaine Sawyers
14%
DF Joleon Lescott
12%
DF Neil Clement
11%
MF Derek McInnes
10%
MF Jerome Thomas
10%
ST Marc-Antoine Fortuné
9%
DF Martin Albrechtsen
9%
MF Morgan Amalfitano
9%
DF | MF Ronnie Wallwork
9%
DF Thomas Gaardsøe
9%
DF Paul Scharner
8%
MF Steve Watson
8%
GK Tomasz Kuszczak
8%
DF Nicky Shorey
7%
MF Robert Koren
7%
DF Andre Wisdom
6%
MF Borja Valero
6%
DF Gianni Zuiverloon
6%
MF Igor Balis
6%
DF Sean Gregan
6%
DF Darren Purse
5%
DF Gabriel Tamaș
5%
DF Abdoulaye Méïté
4%
ST Diomansy Kamara
4%
DF Gonzalo Jara
4%
DF Lárus Sigurðsson
3%
DF Riccy Scimeca
3%
No matching quizzes found
Score Distribution
Percent of People with Each Score
Percentile by Number Answered
Your Score History
You have not taken this quiz